000 00805cam a22002651 4500
001 8301
003 BD-RjUL
005 20211208234548.0
008 140118s1967 enka b 001 0 eng
035 _a(BD-RjUL)8346
040 _aDLC
_cDLC
_dDLC
_dBD-RjUL
_beng
041 _aeng
082 0 0 _a523.80182
_bKUI 1967
100 1 _aKurth, Rudolf,
_d1917-
_925883
245 1 0 _aIntroduction to stellar statistics /
_cRudolf Kurth
250 _a[1st ed.]
260 _aOxford ;
_aNew York :
_bPergamon Press ,
_cc1967
300 _aviii, 175 p. :
_billus. ;
_c23 cm.
490 0 _aInternational series of monographs in natural philosophy,
_vv. 10
504 _aBibliography: p. 164-171. and index.
650 0 _aAstrophysics.
_94934
942 _2ddc
_cBK
999 _c8301
_d8301